Statistics for Day #16: Countries 1600 km away from Belarus

Click here to take the quiz!

General Stats

  • This quiz has been taken 23 times
  • The average score is 14 of 14

Answer Stats

Answer% Correct
Albania
100%
Finland
100%
France
100%
Italy
100%
Norway
100%
Russia
100%
Sweden
100%
Switzerland
100%
Turkey
100%
Belgium
95%
Georgia
95%
Greece
95%
Netherlands
95%
Kazakhstan
71%

Score Distribution

Percentile by Number Answered

Percent of People with Each Score

Your Score History

You have not taken this quiz